000 00913nam a22002772a 4500
001 20128
003 BD-RjUL
005 20211209000526.0
008 140226s1963 enk 000 0 eng d
035 _aOCLC ocm00272327 from D960711M
_a(BD-RjUL)20190
040 _aDLC
_cCSU
_dSER
_dUKM
_dBD-RjUL
_beng
041 _aeng
082 _a942.04
_bPAS 1963
245 1 4 _aThe Paston letters :
_ba selection, in modern spelling /
_cedited with an introd., notes, and glossary by Norman Davis
260 _aLondon :
_bOxford University Press,
_c1963.
300 _axxii, 288 p. ;
_c16 cm
490 1 _aWorld's classics ;
_v591
650 _aSocial life and customs
_962018
651 0 _aGreat Britain
_xSocial life and customs
_915889
830 0 _v591
_962022
700 1 _aDavis, Norman,
_d1913-
_922814
830 0 _aWorld's classics ;
_962023
942 _2ddc
_cBK
999 _c20128
_d20128